TESTIMONI. GENNAIO DICEMBRE 1988. INFORMAZIONE E AGGIORNAMENTO ISTITUTI VITA RELIGIOSA. (Record n. 333956)

Dettagli MARC
000 -LEADER
fixed length control field 01534nas a2200277Ia 4500
001 - CONTROL NUMBER
control field R052-S5786
003 - CONTROL NUMBER IDENTIFIER
control field IT-CnALBA
008 - FIXED-LENGTH DATA ELEMENTS--GENERAL INFORMATION
fixed length control field 170116c99999999xx |||||||||||| ||und||
040 ## - CATALOGING SOURCE
Original cataloging agency IT-CnALBA
Transcribing agency IT-CnALBA
041 ## - LANGUAGE CODE
Language code of text/sound track or separate title ITALIANO
999 ## - SYSTEM CONTROL NUMBERS (KOHA)
Koha Dewey Subclass [OBSOLETE] NO
100 ## - MAIN ENTRY--PERSONAL NAME
Personal name MANENTI ALESSANDRO
210 ## - ABBREVIATED TITLE
Abbreviated title TESTIMONI
222 ## - KEY TITLE
Key title TESTIMONI
245 #0 - TITLE STATEMENT
Title TESTIMONI. GENNAIO DICEMBRE 1988. INFORMAZIONE E AGGIORNAMENTO ISTITUTI VITA RELIGIOSA.
250 ## - EDITION STATEMENT
Edition statement 1a ed.
260 ## - PUBLICATION, DISTRIBUTION, ETC. (IMPRINT)
Place of publication, distribution, etc. BOLOGNA - NAPOLI
Name of publisher, distributor, etc. DEHONIANE EDIZIONI
Date of publication, distribution, etc. 1988 [1° Ed.:1988 - Ed.Ling.Originale: 1988]
300 ## - PHYSICAL DESCRIPTION
Extent 16 p.
310 ## - CURRENT PUBLICATION FREQUENCY
Current publication frequency QUINDICINALE
362 ## - DATES OF PUBLICATION AND/OR SEQUENTIAL DESIGNATION
Dates of publication and/or sequential designation Fascicolo: 1-21 / (1988)
500 ## - GENERAL NOTE
General note SEGNALI DI PACE. TESTIMONIANZA. PERSONAGGI E INTERPRETI. PIÙ SPAZIO ALLE DONNE. FORZA DELLA PAROLA IN COMUNITÀ. RIPRESA VITA RELIGIOSA TRA PROTESTANTI. VITA CON IL POPOLO. NUOVE POVERTÀ. RISPOSTE. OLTRE IL SINODO. DIMITRIOS PRIMO A ROMA. RELIGIOSI IN AMERICA LATINA. PREZZI L. MORO P. PEGORARO C. B. TACCONE F. SOMMARUGA G. DALL'OSTO A.
501 ## - WITH NOTE
With note Società San Paolo EM - Piazza San Paolo, 14 - 12051 ALBA (CN) (non commercial uses only) ® Copyright 2017
520 ## - SUMMARY, ETC.
Summary, etc. SEGNALI DI PACE. TESTIMONIANZA. PERSONAGGI E INTERPRETI. PIÙ SPAZIO ALLE DONNE. FORZA DELLA PAROLA IN COMUNITÀ. RIPRESA VITA RELIGIOSA TRA PROTESTANTI. VITA CON IL POPOLO. NUOVE POVERTÀ. RISPOSTE. OLTRE IL SINODO. DIMITRIOS PRIMO A ROMA. RELIGIOSI IN AMERICA LATINA. PREZZI L. MORO P. PEGORARO C. B. TACCONE F. SOMMARUGA G. DALL'OSTO A.
650 ## - SUBJECT ADDED ENTRY--TOPICAL TERM
Topical term or geographic name as entry element VITA CONSACRATA
942 ## - ADDED ENTRY ELEMENTS (KOHA)
Koha item type RIVISTA
957 ## -
-- 1
999 ## - SYSTEM CONTROL NUMBERS (KOHA)
-- 1
Dati di copia
Withdrawn status Lost status Damaged status Not for loan Home library Current library Date acquired Total Checkouts Full call number Date last seen Price effective from Koha item type Public note
    Buone Condizioni Not For Loan ALBA - Biblioteca ALBA - Biblioteca 16/01/2017   R052-S5786 16/01/2017 16/01/2017 RIVISTA (data import: 16 gennaio 2017) - By Epidotti, Vaglietti.
CREDITS: SOCIETA' SAN PAOLO Via A.Severo, 58 - ROMA (RM) & PERIODICI SAN PAOLO SRL Via Giotto, 36 MILANO & CISF Via Giotto, 36 MILANO & EDIZIONI SAN PAOLO SRL,  Piazza Soncino, 5 CINISELLO BALSAMO (MI) -- ITALY